01313cpcaa2200289 a 4500001001300000003000400013005001700017008004100034010001700075040002400092072001200116100003400128245004000162300001500202506002200217520032200239533004600561545006600607546003600673580005700709650003900766651005500805651005500860656003200915656005900947999001701006mm 79005604 DLC20260227111651.0800102|||||||||||| eng  amm 79005604  aDLCcDLCdDLCedacs 7aW2lcmd1 aTwichell, Ginery,d1811-1883.00aGinery Twichell papers,f1849-1935. a28fitems.0 aOpen to research.8 aCorrespondence, newspaper clippings, railroad timetables, circulars, a legislative bill, social invitation, bookplates, and other papers relating chiefly to Twichell's business interests as president of several railroad companies (1850s-1870s) and to his service as U.S. representative from Massachusetts (1867-1873). aIn part, handwritten transcript.b[S.l.].0 aU.S. representative from Massachusetts and railroad official. aCollection material in English. aForms part of: Miscellaneous Manuscripts collection. 0aRailroad companieszUnited States. 0aMassachusettsxPolitics and governmenty1865-1950. 0aUnited StatesxPolitics and governmenty1865-1877. 7aRailroad officials.2itoamc 7aRepresentatives, U.S. CongresszMassachusetts.2itoamc c41953d41953